| 000 | 00572nam a2200193 a 4500 | ||
|---|---|---|---|
| 001 | 000036499 | ||
| 005 | 20200930075751.0 | ||
| 008 | 120118s1999 sp a 000 0 spa d | ||
| 020 | _a848403500X | ||
| 040 |
_aDO-SdBNP _bspa _cBNPHU |
||
| 082 |
_axxxx _bH888 |
||
| 240 | 0 | 0 |
_aFarbergé egss _lEspañol |
| 245 | 0 | 0 |
_aHuevos Fabergé. / _ctraductor Javier Alfonso López. |
| 260 |
_aMadrid, España : _bEdimat Libros, _c1999. |
||
| 300 |
_a64 p. : _bils. ; _c21 cm. |
||
| 490 | 1 | _aEstilo del arte | |
| 700 | 1 |
_aAlfonso López, _etr. _962741 |
|
| 830 | 0 |
_aEstilo del arte _962742 |
|
| 999 |
_c35990 _d35990 |
||